| 000 | 00739pam a2200253 a 4500 | ||
|---|---|---|---|
| 008 | |||
| 020 | _a0442008228 (hbk.) | ||
| 049 | _aMAIN | ||
| 090 | _aTA420 | ||
| 100 | 1 | _aBodig, Jozsef. | |
| 245 | 1 | 0 |
_aMechanics of wood and wood composites / _cJozsef Bodig, Benjamin A. Jayne. |
| 260 |
_aNew York : _bVan Nostrand Reinhold, _cc1982. |
||
| 300 |
_axxi, 712 p. : _bill. ; _c24 cm. |
||
| 504 | _aIncludes bibliographical references. | ||
| 500 | _aIncludes index. | ||
| 650 | 0 | _aWood. | |
| 650 | 0 | _aComposite materials. | |
| 700 | 1 | _aJayne, Benjamin A. | |
| 907 |
_a.b10170480 _b12-08-05 _c05-08-05 |
||
| 003 | |||
| 005 | 20230123134045.0 | ||
| 040 | _cNUST | ||
| 942 |
_cBOOKS _kTA420 |
||
| 999 |
_c159273 _d159273 |
||